IFM Opac

Basic business finance (Record no. 1584)

MARC details
000 -LEADER
fixed length control field 00329nam a2200121Ia 4500
008 - FIXED-LENGTH DATA ELEMENTS--GENERAL INFORMATION
fixed length control field 150509s9999 xx 000 0 und d
082 ## - DEWEY DECIMAL CLASSIFICATION NUMBER
Classification number 658.15 HUN
100 ## - MAIN ENTRY--PERSONAL NAME
Personal name Hunt, PearsonWilliams C.M.Donaldson G.
245 ## - TITLE STATEMENT
Title Basic business finance
260 ## - PUBLICATION, DISTRIBUTION, ETC.
Date of publication, distribution, etc. 1961
300 ## - PHYSICAL DESCRIPTION
Extent xiv, 946p.: ill. ;23cm.
650 ## - SUBJECT ADDED ENTRY--TOPICAL TERM
Topical term or geographic name entry element Financial administration
Holdings
Withdrawn status Lost status Source of classification or shelving scheme Damaged status Not for loan Home library Current library Shelving location Date acquired Full call number Barcode Date last seen Price effective from Koha item type
    Dewey Decimal Classification     IFM Main Campus Library IFM Main Campus Library   05/15/2015 658.15 HUN 0000011021 05/15/2015 05/15/2015 Books